000 00669nam a2200229Ia 4500
003 OSt
005 20220925224540.0
006 a|||||r|||| 00| 0
007 ta
008 220923b |||||||| |||| 00| 0 eng d
037 _cGeneral Book
040 _aRTL
_cRTL
_beng
041 _2eng
_aeng
082 _aYxM58:g(Q), M4
100 _aPickering W S F
_920043
245 0 _aDurkheim's sociology of religion
_b Themes and theories
260 _aLondon
_bRoutledge and Kegan Paul
_c1984
300 _axxv,577p
_ccm.
500 _aBibliography : P 535-562
942 _hYxM58:g(Q), M4
_cGB
_2CC
999 _c581713
_d581713